[Event "1800 - 2200 Standard Tournament"]
[Site "SchemingMind.com"]
[Date "2006.11.27"]
[Round "-"]
[White "Marvol"]
[Black "ernesto fonseca"]
[Result "1-0"]
[WhiteCountry "GBR"]
[BlackCountry "NCA"]
[WhiteElo "1929"]
[WhiteRD "93"]
[BlackElo "1832"]
[BlackRD "79"]
[GameID "78619"]

1. e4 e5 2. Nf3 Nc6 3. Bb5 a6 4. Bxc6 dxc6 5. O-O Bg4 6. h3 Bh5 7. g4 Bg6 8. Nxe5 Qd4 9. Nxg6 hxg6 10. Qf3 Bd6
11. c3 Qe5 12. Qg2 Qe6 13. d4 O-O-O 14. f4 f5 15. e5 Be7 16. gxf5 gxf5 17. Rf3 Bh4 18. Be3 Ne7 19. Nd2 Nd5 20. Bf2 Be7
21. c4 Nb6 22. b3 g5 23. fxg5 Bxg5 24. Qxg5 Rdg8 25. Qxg8+ Rxg8+ 26. Kh2 Rh8 27. Rg1 c5 28. Rg5 cxd4 29. Bxd4 Rd8= 30. Bc3 Rf8
31. Rf4 Nd7 32. Nf3 Nc5 33. Bb4 Nd3 34. Bxf8 Nxf4 35. Kg3
1-0

[Event "1800 - 2200 Standard Tournament"]
[Site "SchemingMind.com"]
[Date "2006.12.06"]
[Round "-"]
[White "egis"]
[Black "markagodfrey"]
[Result "1-0"]
[WhiteCountry "LTU"]
[BlackCountry "GBR"]
[WhiteElo "1997"]
[WhiteRD "79"]
[BlackElo "1957"]
[BlackRD "79"]
[GameID "79848"]

1. e4 e5 2. Nf3 Nc6 3. Bb5 Nf6 4. O-O Bc5 5. Nc3 O-O 6. d3 d6 7. Bg5 h6 8. Bxf6 Qxf6 9. Nd5 Qd8 10. c4 Nd4
11. Nxd4 Bxd4 12. Nc3 Qg5 13. g3 Bh3 14. Re1 c6 15. Ba4 f5 16. Kh1 Bxf2 17. Qe2 Bxe1 18. Qxe1 fxe4 19. Nxe4 Qf5 20. Qe3 Qf3+
21. Qxf3 Rxf3 22. Rg1 Raf8 23. g4 Rxd3 24. Bc2 Rd4 25. g5 h5 26. Rc1 Rf4 27. Kg1 Rfxe4 28. Bxe4
1-0

[Event "1800 - 2200 Standard Tournament"]
[Site "SchemingMind.com"]
[Date "2006.12.06"]
[Round "-"]
[White "egis"]
[Black "Aumonde"]
[Result "0-1"]
[WhiteCountry "LTU"]
[BlackCountry "USA"]
[WhiteElo "1963"]
[WhiteRD "84"]
[BlackElo "2258"]
[BlackRD "56"]
[GameID "79849"]

1. e4 e5 2. Nf3 Nc6 3. Bb5 Bd6 4. Bxc6 dxc6 5. O-O Nf6 6. Nc3 O-O 7. d3 Be6 8. Be3 Qe7 9. b3 Bg4 10. h3 Bh5
11. a4 a5 12. Qd2 Bxf3 13. gxf3 Bb4 14. Bg5 Qd6 15. Rac1 Nd7 16. Be3 f5 17. Qe1 fxe4 18. dxe4 Rxf3 19. Kg2 Raf8 20. Qe2 Qg6+
21. Kh2 Bxc3 22. Qc4+ Kh8 23. Rg1 Qh5 24. Rg3 Rxg3 25. fxg3 Bd2 26. Rf1 Bxe3 27. Kg2 Rxf1 28. Qxf1 Bd4 29. Qe1 Nf6 30. c4 Qg6
31. Kf3 Qh6 32. h4 Qg6 33. Kg2 Nxe4 34. h5 Qg4 35. Qxe4 Qxe4+ 36. Kh2 Qf3 37. h6 Bf2 38. hxg7+ Kxg7
0-1

[Event "1800 - 2200 Standard Tournament"]
[Site "SchemingMind.com"]
[Date "2006.12.06"]
[Round "-"]
[White "egis"]
[Black "ernesto fonseca"]
[Result "1-0"]
[WhiteCountry "LTU"]
[BlackCountry "NCA"]
[WhiteElo "1997"]
[WhiteRD "79"]
[BlackElo "1832"]
[BlackRD "79"]
[GameID "79850"]

1. e4 e5 2. Nf3 Nc6 3. Bb5 Bc5 4. Bxc6 dxc6 5. O-O Bg4 6. h3 Bh5 7. d3 Qf6 8. Nbd2 Ne7 9. b3 Bd4 10. Rb1 Bc3
11. a4 O-O 12. Nc4 Rad8 13. Bg5 Qe6 14. Be3 f5 15. exf5 Nxf5 16. Bxa7 Nh4 17. Ng5 Qg6 18. g4 Qxg5 19. Be3 Qg6 20. f4 exf4
21. Bxf4 Qe6 22. Kh2 Qd5 23. Ne3 Qd4 24. Ng2 Nxg2 25. Kxg2 Rxf4 26. Rxf4 Qxf4 27. Qf3 Qxf3+ 28. Kxf3 Bf7 29. Kg3 Re8 30. Kf2 Bd5
31. g5
1-0

[Event "1800 - 2200 Standard Tournament"]
[Site "SchemingMind.com"]
[Date "2006.12.03"]
[Round "-"]
[White "egis"]
[Black "Mariazb"]
[Result "0-1"]
[WhiteCountry "LTU"]
[BlackCountry "ARG"]
[WhiteElo "1997"]
[WhiteRD "79"]
[BlackElo "2361"]
[BlackRD "72"]
[GameID "79851"]

1. e4 e5 2. Nf3 Nc6 3. Bb5 Nf6 4. O-O Bc5 5. Bxc6 dxc6 6. d3 Qe7 7. Nc3 O-O 8. b3 Bb4 9. Bd2 Bg4 10. h3 Bh5
11. a4 Rad8 12. Na2 Bxd2 13. Qxd2 Bxf3 14. gxf3 Nh5 15. Kh2 Nf4 16. Rg1 Rd6 17. Rg3 Rh6 18. Qe1 Qd7 19. Qf1 Nh5 20. Rg4 f5
21. exf5 Rxf5 22. Re1 Nf4 23. h4 Qe7 24. Kg3 Re6 25. Re4 h5 26. Nc1 hxg4 27. fxg4 Rh6 28. Qh1 Rf7 29. f3 Nd5 30. Ne2 Rxh4
31. Qxh4 Rxf3+ 32. Kxf3 Qxh4 33. Rxe5 Qf6+ 34. Rf5 Qe7 35. Kf2 Qc5+ 36. d4 Qxc2 37. Rf3 Nf6 38. Rf4 Ne4+ 39. Rxe4 Qxe4 40. a5 Qxg4
41. a6 bxa6 42. Ke1 g5 43. b4 Qe4 44. Kd2 g4 45. Kd1 Qb1+ 46. Kd2 Qxb4+ 47. Kc2 c5 48. Nc3 cxd4 49. Ne4 Qc4+ 50. Kd2 g3
51. Nf6+ Kh8 52. Ng4 g2 53. Ne5 Qc3+ 54. Ke2 Qe3+
0-1

[Event "1800 - 2200 Standard Tournament"]
[Site "SchemingMind.com"]
[Date "2006.12.06"]
[Round "-"]
[White "egis"]
[Black "ekulrac"]
[Result "1-0"]
[WhiteCountry "LTU"]
[BlackCountry "SCO"]
[WhiteElo "1997"]
[WhiteRD "79"]
[BlackElo "1520"]
[BlackRD "63"]
[GameID "79852"]

1. e4 e5 2. Nf3 Nc6 3. Bb5 a6 4. Bxc6 dxc6 5. O-O Bg4 6. h3 h5 7. Nc3 Qf6 8. d3 Bxf3 9. Qxf3 O-O-O 10. Qe3 Kb8
11. b3 Be7 12. Na4 g5 13. Bd2 g4 14. c4 gxh3 15. Qxh3 Nh6 16. Qxh5 Rdg8 17. Rfb1 b5 18. g3 Ng4 19. Qf5 Qh4 20. gxh4 Ne3+
21. Qg5 Bxg5 22. Bxe3 Bxe3+ 23. Kf1 Bd4 24. Nb2 Rxh4 25. Ke2 Rg2 26. Nd1 Bxa1 27. Ne3 Rgh2 28. Rxa1 Rh1 29. Rxh1 Rxh1 30. Ng4 b4
31. Nxe5 Kb7 32. Nxf7 c5 33. Nd8+ Kc8 34. Ne6 Ra1 35. Nxc5 Rxa2+ 36. Ke3 a5 37. f4 Kd8 38. f5 Rh2 39. Kd4 c6 40. Ke5 Ke7
41. d4 Rh6 42. d5 cxd5 43. cxd5 Rb6 44. Kd4
1-0

[Event "1800 - 2200 Standard Tournament"]
[Site "SchemingMind.com"]
[Date "2006.12.06"]
[Round "-"]
[White "egis"]
[Black "Marvol"]
[Result "1-0"]
[WhiteCountry "LTU"]
[BlackCountry "GBR"]
[WhiteElo "1988"]
[WhiteRD "77"]
[BlackElo "1945"]
[BlackRD "90"]
[GameID "79853"]

1. e4 e5 2. Nf3 Nc6 3. Bb5 Bc5 4. Bxc6 dxc6 5. O-O Qd6 6. Nc3 a6 7. b3 Ba7 8. d3 Bg4 9. h3 Bh5 10. a4 b5
11. Qd2 Bxf3 12. gxf3 h6 13. Qe2 Ne7 14. Nd1 O-O 15. Ne3 Bd4 16. Rb1 f5 17. c4 f4 18. Ng4 h5 19. Nh2 Qe6 20. Ba3 c5
21. Kg2 Ng6 22. Rg1 Nh4+ 23. Kh1 Qxh3 24. Rbd1 bxa4 25. bxa4 Rab8 26. Rg5 g6 27. Rdg1 Kh7 28. Bc1 Rb1 29. Rd1 Rfb8 30. Rgg1 Rxc1
31. Rxc1 Rb2 32. Qf1 Qd7 33. Ng4 hxg4 34. Rxg4 Qxg4 35. fxg4 Rxf2 36. Qe1 Nf3 37. Qxf2 Bxf2 38. Rf1 Bg3 39. Rxf3 Kh6 40. Kg2 Kg5
41. Kh3 Be1 42. Rf1 Bb4 43. Rb1 f3 44. Kg3 f2 45. Kxf2 Kxg4 46. Rg1+ Kh5 47. Rh1+ Kg4 48. Rh7 g5 49. Rxc7 a5 50. Rg7 Bc3
51. Ke2 Kf4 52. Rc7 Bb4 53. Rf7+ Kg4 54. Kd1
1-0

[Event "1800 - 2200 Standard Tournament"]
[Site "SchemingMind.com"]
[Date "2006.12.03"]
[Round "-"]
[White "markagodfrey"]
[Black "egis"]
[Result "0-1"]
[WhiteCountry "GBR"]
[BlackCountry "LTU"]
[WhiteElo "1957"]
[WhiteRD "79"]
[BlackElo "1997"]
[BlackRD "79"]
[GameID "79854"]

1. e4 e5 2. Nf3 Nc6 3. Bb5 a6 4. Bxc6 dxc6 5. O-O Qd6 6. Na3 Be6 7. Qe2 Be7 8. d3 O-O-O 9. b3 Nf6 10. Nc4 Bxc4
11. bxc4 g6 12. Rb1 h5 13. d4 Ng4 14. c5 Qe6 15. c3 f5 16. Qb2 fxe4 17. Qxb7+ Kd7 18. Nxe5+ Nxe5 19. dxe5 Qxe5 20. Be3 Bxc5
21. Bxc5 Qxc5 22. Rbd1+ Ke6 23. Qxc7 Rde8 24. Qd7+ Kf6 25. Rd6+ Kg5 26. Rxc6 Qe5 27. Rxa6 Kh6
0-1

[Event "1800 - 2200 Standard Tournament"]
[Site "SchemingMind.com"]
[Date "2006.12.03"]
[Round "-"]
[White "Aumonde"]
[Black "egis"]
[Result "1-0"]
[WhiteCountry "USA"]
[BlackCountry "LTU"]
[WhiteElo "2295"]
[WhiteRD "58"]
[BlackElo "1941"]
[BlackRD "85"]
[GameID "79855"]

1. e4 e5 2. Nf3 Nc6 3. Bb5 a6 4. Bxc6 dxc6 5. d4 exd4 6. Qxd4 Qxd4 7. Nxd4 Nf6 8. f3 Bd6 9. Be3 O-O 10. Nd2 c5
11. Ne2 b5 12. Bf4 Bxf4 13. Nxf4 c4 14. O-O-O c6 15. Nf1 Nd7 16. Ng3 Ne5 17. Rd6 Bd7 18. Nfe2 Rfd8 19. Rhd1 Ra7 20. f4 Ng6
21. Rxc6 Bxc6 22. Rxd8+ Nf8 23. Nd4 Bb7 24. Rb8 Ba8 25. Rc8 h6 26. f5 h5 27. h4 Rd7 28. Rxa8 Rxd4 29. e5 Rd5 30. Re8 Kh7
31. Rxf8 Rxe5 32. Rxf7 Re1+ 33. Kd2 Rg1 34. Nxh5 Rxg2+ 35. Kc3 Kh6 36. Nf4 Rg3+ 37. Kb4 c3 38. Rf8 g6 39. f6 Kh7 40. Ka3 cxb2+
41. Kxb2 Rg4 42. Ne6 g5 43. f7 Rb4+ 44. Ka3 Ra4+ 45. Kb3 Rf4 46. Nxf4 Kg7 47. Ne6+ Kf6 48. Nxg5 a5 49. Re8 Kg6 50. f8=Q a4+
51. Kb4
1-0

[Event "1800 - 2200 Standard Tournament"]
[Site "SchemingMind.com"]
[Date "2006.12.04"]
[Round "-"]
[White "ernesto fonseca"]
[Black "egis"]
[Result "0-1"]
[WhiteCountry "NCA"]
[BlackCountry "LTU"]
[WhiteElo "1832"]
[WhiteRD "79"]
[BlackElo "1997"]
[BlackRD "79"]
[GameID "79856"]

1. e4 e5 2. Nf3 Nc6 3. Bb5 a6 4. Bxc6 dxc6 5. O-O Bd6 6. d4 exd4 7. Qxd4 f6 8. Be3 Ne7 9. Nbd2 O-O 10. Nc4 Be6
11. Rfd1 Bxc4 12. Qxc4+ Kh8 13. Qb3 b5 14. c4 Qc8 15. c5 Be5 16. Nxe5 fxe5 17. f3 Ng6 18. Rd2 Qe8 19. Rad1 Nf4 20. Bxf4 exf4
21. Rd7 Qe5 22. Qc3 Qxc3 23. bxc3 Rac8 24. Re7 Rfe8 25. Rdd7 Rxe7 26. Rxe7 Kg8 27. Kf2 a5 28. g3 Kf8 29. Rd7 b4 30. Ke2 bxc3
31. Kd3 Rb8
0-1

[Event "1800 - 2200 Standard Tournament"]
[Site "SchemingMind.com"]
[Date "2006.12.03"]
[Round "-"]
[White "Mariazb"]
[Black "egis"]
[Result "1-0"]
[WhiteCountry "ARG"]
[BlackCountry "LTU"]
[WhiteElo "2311"]
[WhiteRD "71"]
[BlackElo "1969"]
[BlackRD "79"]
[GameID "79857"]

1. e4 e5 2. Nf3 Nc6 3. Bb5 a6 4. Bxc6 dxc6 5. O-O Bg4 6. h3 Bxf3 7. Qxf3 Bd6 8. Qg3 Qf6 9. d3 Ne7 10. Nc3 O-O
11. Be3 b5 12. a4 Ng6 13. Ne2 c5 14. Nc3 c6 15. axb5 cxb5 16. Nd5 Qe6 17. Ra5 Qe8 18. Rfa1 Qc6 19. h4 f6 20. Qg4 Nf4
21. Nxf4 f5 22. exf5 exf4 23. Bxf4 Bxf4 24. Qxf4 Qf6 25. b3 Qc3 26. R1a2 Qf6 27. g3 h6 28. Kg2 Kh8 29. c4 Rad8 30. Rxa6 Qxf5
31. Qxf5 Rxf5 32. Ra8 Rff8 33. Rxd8 Rxd8 34. cxb5 Kg8 35. b6 Rb8 36. Ra6 Kf7 37. Kf3 Ke7 38. Ke4 Kd6 39. b7+ Kc7 40. Rg6 Kxb7
41. Rxg7+ Kc6 42. Rg6+ Kb5 43. Rxh6 Re8+ 44. Kf5 Kb4 45. Rb6+ Kc3 46. h5 Kxd3 47. h6 c4 48. bxc4 Re2 49. Rb8 Re7 50. Kg6 Re6+
51. Kg7 Re7+ 52. Kg8 Re5 53. h7 Rg5+ 54. Kf7 Rh5 55. h8=Q Rxh8 56. Rxh8 Kxc4 57. f4 Kd4 58. Re8 Kc4 59. g4
1-0

[Event "1800 - 2200 Standard Tournament"]
[Site "SchemingMind.com"]
[Date "2006.12.03"]
[Round "-"]
[White "ekulrac"]
[Black "egis"]
[Result "0-1"]
[WhiteCountry "SCO"]
[BlackCountry "LTU"]
[WhiteElo "1710"]
[WhiteRD "52"]
[BlackElo "1951"]
[BlackRD "86"]
[GameID "79858"]

1. e4 e5 2. Nf3 Nc6 3. Bb5 a6 4. Bxc6 dxc6 5. O-O Bg4 6. h3 Bxf3 7. Qxf3 Nf6 8. Qe2 Bc5 9. d3 O-O 10. Nd2 b5
11. Nf3 Bd6 12. c3 c5 13. Be3 Qd7 14. d4 cxd4 15. cxd4 exd4 16. Bxd4 Qe6 17. Ng5 Qe7 18. e5 c5 19. Be3 Bxe5 20. Qc2 h6
21. Nf3 Bd6 22. Rad1 c4 23. Nd4 Qc7 24. Qc1 Bh2+ 25. Kh1 Be5 26. Nf5 Ne4 27. f3 Ng3+ 28. Nxg3 Bxg3 29. Rd5 Rfe8 30. Bxh6 gxh6
31. Qxh6 Bf4 32. Qh5 Be5 33. Qg4+ Kf8 34. f4 Bf6 35. Rd7 Qc6 36. Rfd1 Rad8 37. Rxd8 Bxd8 38. Qh5 Qf6 39. f5 Bc7 40. g4 Qxb2
41. Qh6+ Kg8 42. f6 Qh2#
0-1

[Event "1800 - 2200 Standard Tournament"]
[Site "SchemingMind.com"]
[Date "2006.12.03"]
[Round "-"]
[White "Marvol"]
[Black "egis"]
[Result "1/2-1/2"]
[WhiteCountry "GBR"]
[BlackCountry "LTU"]
[WhiteElo "1945"]
[WhiteRD "90"]
[BlackElo "1988"]
[BlackRD "77"]
[GameID "79859"]

1. e4 e5 2. Nf3 Nc6 3. Bb5 Nf6 4. O-O Bd6 5. d4 Qe7 6. Bg5 O-O 7. c3 h6 8. Bh4 a6 9. Bd3 b5 10. d5 Nd8
11. Nbd2 Nb7 12. c4 bxc4 13. Nxc4 Nc5 14. Re1 Bb7 15. Bg3 Nh5 16. Bxe5 Bxe5 17. Nfxe5 Nxd3 18. Qxd3 Rfe8 19. Nf3 c6 20. Na5 Qb4
21. Nxb7 Qxb7 22. dxc6 dxc6 23. Qc2 Rad8 24. b3 Nf4 25. Rad1 Qb5 26. Nd4 Qb4 27. Nxc6 Rxd1 28. Qxd1 Qc3 29. g3 Qxc6 30. gxf4 Rxe4
31. Rxe4 Qg6+ 32. Kf1 Qxe4 33. Qd2 Qb1+ 34. Ke2 Qe4+ 35. Kf1 Qh1+ 36. Ke2 Qxh2 37. Qd8+ Kh7 38. Qd3+ g6 39. Qxa6 Qxf4 40. Qc4 Qe5+
41. Kf1 Kg7 42. a4 h5 43. Qb5 Qd4 44. Qe2 h4 45. Kg2 g5 46. Qf3 g4 47. Qe3 Qd5+ 48. f3 Kf8 49. Kh2 gxf3 50. Kg1 Qd1+
51. Kf2 Qc2+ 52. Kxf3 h3 53. Qh6+ Ke7 54. Qxh3 Qxb3+ 55. Kg2 Qxa4 56. Qe3+=
1/2-1/2

[Event "1800 - 2200 Standard Tournament"]
[Site "SchemingMind.com"]
[Date "2006.12.04"]
[Round "-"]
[White "faulty"]
[Black "markagodfrey"]
[Result "0-1"]
[WhiteCountry "USA"]
[BlackCountry "GBR"]
[WhiteElo "1885"]
[WhiteRD "74"]
[BlackElo "2120"]
[BlackRD "70"]
[GameID "79959"]

1. e4 e5 2. Nf3 Nc6 3. Bb5 Nf6 4. O-O Bc5 5. Bxc6 dxc6 6. Nxe5 Nxe4 7. Qe2 Qd5 8. Nd3 O-O 9. Nxc5 Nxc5 10. Nc3 Qf5
11. d4 Ne6 12. Be3 Re8 13. Qd2 Bd7 14. Ne2 Rad8 15. Rac1 Qf6 16. c4 b6 17. b4 Bc8 18. Qc3 a6 19. Rfd1 Bb7 20. c5 Rd5
21. Rc2 Qh4 22. g3 Qg4 23. Rcd2 Rh5 24. Nf4 Nxf4 25. Bxf4 Qh3 26. f3 Qd7 27. g4 Rd5 28. Kg2 Re6 29. h4 Qe7 30. Qd3 Bc8
31. Rh1 a5 32. a3 h5 33. Kg3 hxg4 34. fxg4 axb4 35. axb4 Re4 36. g5 Qe6
0-1

[Event "1800 - 2200 Standard Tournament"]
[Site "SchemingMind.com"]
[Date "2006.12.04"]
[Round "-"]
[White "faulty"]
[Black "Aumonde"]
[Result "0-1"]
[WhiteCountry "USA"]
[BlackCountry "USA"]
[WhiteElo "1877"]
[WhiteRD "77"]
[BlackElo "2212"]
[BlackRD "60"]
[GameID "79960"]

1. e4 e5 2. Nf3 Nc6 3. Bb5 d6 4. d4 Bd7 5. Nc3 exd4 6. Nxd4 g6 7. O-O Bg7 8. Be3 Nf6 9. Nxc6 bxc6 10. Bc4 O-O
11. f3 Be6 12. Bxe6 fxe6 13. Qd2 Nd7 14. Rab1 Qc8 15. Bh6 Bxh6 16. Qxh6 e5 17. g4 Nc5 18. a3 Ne6 19. Ne2 Qa6 20. Qd2 Rab8
21. Kg2 c5 22. c3 Rb3 23. h4 Qxe2+ 24. Qxe2 Nf4+
0-1

[Event "1800 - 2200 Standard Tournament"]
[Site "SchemingMind.com"]
[Date "2006.12.05"]
[Round "-"]
[White "faulty"]
[Black "ernesto fonseca"]
[Result "0-1"]
[WhiteCountry "USA"]
[BlackCountry "NCA"]
[WhiteElo "1843"]
[WhiteRD "71"]
[BlackElo "2007"]
[BlackRD "88"]
[GameID "79961"]

1. e4 e5 2. Nf3 Nc6 3. Bb5 Bc5 4. O-O Nf6 5. Bxc6 dxc6 6. Nxe5 Nxe4 7. d3 Nxf2 8. Rxf2 Bxf2+ 9. Kf1 Bb6 10. Qf3 Be6
11. Nxc6 bxc6 12. Qxc6+ Bd7 13. Qe4+ Kf8 14. Bf4 Rb8 15. Nd2 Bc6 16. Qxc6 Qd4 17. Ne4 Qg1+ 18. Ke2 Qxg2+ 19. Kd1 Qf1+ 20. Kd2 Qxf4+
0-1

[Event "1800 - 2200 Standard Tournament"]
[Site "SchemingMind.com"]
[Date "2006.12.08"]
[Round "-"]
[White "faulty"]
[Black "egis"]
[Result "1/2-1/2"]
[WhiteCountry "USA"]
[BlackCountry "LTU"]
[WhiteElo "1913"]
[WhiteRD "69"]
[BlackElo "1951"]
[BlackRD "86"]
[GameID "79962"]

1. e4 e5 2. Nf3 Nc6 3. Bb5 d6 4. d4 Bd7 5. Nc3 exd4 6. Nxd4 Nxd4 7. Qxd4 Nf6 8. O-O Be7 9. e5 dxe5 10. Qxe5 O-O
11. Bg5 Bd6 12. Qd4 Be7 13. Bxd7 Nxd7 14. Bxe7 Qxe7 15. Rfe1 Qd8 16. Nd5 c5 17. Qc3 b6 18. Rad1 Kh8 19. Qg3 a5 20. Nc7 Rb8
21. h3 Qc8 22. Re7 Nf6 23. Ne6 Nh5 24. Qg5 fxe6 25. Qxh5 Rf5 26. Qg4 Qf8 27. Rdd7 Rxf2 28. Qd1 Rf6 29. Rxg7 Qxg7 30. Rxg7 Kxg7
31. Qd7+ Kh8 32. Qd6 Rb7 33. Qc6 Rb8 34. Qd6 Rb7 35. Qc6 Rb8 36. Qd6 Rb7
1/2-1/2

[Event "1800 - 2200 Standard Tournament"]
[Site "SchemingMind.com"]
[Date "2006.12.04"]
[Round "-"]
[White "faulty"]
[Black "Mariazb"]
[Result "0-1"]
[WhiteCountry "USA"]
[BlackCountry "ARG"]
[WhiteElo "1843"]
[WhiteRD "71"]
[BlackElo "2224"]
[BlackRD "68"]
[GameID "79963"]

1. e4 e5 2. Nf3 Nc6 3. Bb5 Nf6 4. O-O Bc5 5. c3 O-O 6. d4 Bb6 7. Bg5 h6 8. Bxf6 Qxf6 9. d5 Ne7 10. Nbd2 d6
11. a4 a6 12. Bc4 Ba7 13. b4 Bg4 14. h3 Bd7 15. b5 Ng6 16. Ne1 Qg5 17. Ndf3 Qg3 18. Ra2 Nf4 19. Kh1 Qg6 20. Nd2 axb5
21. axb5 Bb6 22. Rb2 f5 23. Qf3 fxe4 24. Qxe4 Bf5 25. Qf3 Ra1 26. g4 Nxh3 27. gxf5 Rxf5 28. Qxh3 Rh5 29. Qxh5 Qxh5+ 30. Kg2 Qg4+
31. Kh2 Rxe1 32. Rxe1 Qh4+
0-1

[Event "1800 - 2200 Standard Tournament"]
[Site "SchemingMind.com"]
[Date "2006.12.04"]
[Round "-"]
[White "faulty"]
[Black "ekulrac"]
[Result "1-0"]
[WhiteCountry "USA"]
[BlackCountry "SCO"]
[WhiteElo "1877"]
[WhiteRD "77"]
[BlackElo "1702"]
[BlackRD "59"]
[GameID "79964"]

1. e4 e5 2. Nf3 Nc6 3. Bb5 a6 4. Ba4 Nf6 5. O-O b5 6. Bb3 Be7 7. Re1 d6 8. c3 O-O 9. d4 Bg4 10. d5 Nb8
11. Nbd2 Nbd7 12. h3 Bh5 13. Bc2 h6 14. Nf1 Bg6 15. Ng3 Nh7 16. b3 Ng5 17. Nf5 a5 18. Nxe7+ Qxe7 19. Nxg5 hxg5 20. Qg4 f6
21. h4 a4 22. hxg5 axb3 23. Bxb3 Nc5 24. Bc2 Qd7 25. Qxd7 Nxd7 26. gxf6 Nxf6 27. f3 Nxd5 28. Bb3
1-0

[Event "1800 - 2200 Standard Tournament"]
[Site "SchemingMind.com"]
[Date "2006.12.04"]
[Round "-"]
[White "faulty"]
[Black "Marvol"]
[Result "0-1"]
[WhiteCountry "USA"]
[BlackCountry "GBR"]
[WhiteElo "1885"]
[WhiteRD "74"]
[BlackElo "1849"]
[BlackRD "98"]
[GameID "79965"]

1. e4 e5 2. Nf3 Nc6 3. Bb5 g6 4. Nc3 Bg7 5. O-O Nge7 6. d3 O-O 7. Bg5 h6 8. Bh4 f6 9. h3 g5 10. Bg3 d6
11. Bc4+ Kh7 12. d4 exd4 13. Nxd4 Nxd4 14. Qxd4 f5 15. Qd3 f4 16. Bh2 Ng6 17. f3 Ne5 18. Qe2 h5 19. g4 hxg4 20. hxg4 Rf6
21. Bb3 Rh6 22. Rf2 c6 23. a4 Kg6 24. Rd1 Bf6 25. Qd2 Be7 26. Ne2 d5 27. Nxf4+ gxf4 28. Bxf4 Nxf3+ 29. Rxf3 Rh4 30. Qe3 Bxg4
31. Rg3 Qh8 32. Rd2 Rh1+ 33. Kf2 Qh2+ 34. Rg2 Bh4+
0-1

[Event "1800 - 2200 Standard Tournament"]
[Site "SchemingMind.com"]
[Date "2006.12.03"]
[Round "-"]
[White "markagodfrey"]
[Black "faulty"]
[Result "1-0"]
[WhiteCountry "GBR"]
[BlackCountry "USA"]
[WhiteElo "2120"]
[WhiteRD "70"]
[BlackElo "1885"]
[BlackRD "74"]
[GameID "79966"]

1. e4 e5 2. Nf3 Nc6 3. Bb5 a6 4. Bxc6 dxc6 5. O-O Bg4 6. h3 h5 7. d3 Bd6 8. hxg4 hxg4 9. Ng5 Nh6 10. Be3 Qe7
11. c3 f6 12. Qb3 fxg5 13. Qxb7 Kd7 14. Ba7 Bc5 15. Bxc5 Qxc5 16. Qb3 g3 17. d4 gxf2+ 18. Rxf2 exd4 19. Qd1 d3 20. Qxd3+ Ke6
21. Qd4 Qxd4 22. cxd4 Rad8 23. Rd2 Rd7 24. Nc3 Rhd8 25. Rad1 Ng4 26. Na4 Rf7 27. Nc5+ Ke7 28. Nxa6 Rdf8 29. Re2 Kd6 30. a4 Nf2
31. Rdd2 Ng4 32. Re1 Rf4 33. a5 Nf2 34. e5+ Ke7 35. d5 cxd5 36. Nxc7
1-0

[Event "1800 - 2200 Standard Tournament"]
[Site "SchemingMind.com"]
[Date "2006.12.03"]
[Round "-"]
[White "Aumonde"]
[Black "faulty"]
[Result "1-0"]
[WhiteCountry "USA"]
[BlackCountry "USA"]
[WhiteElo "2212"]
[WhiteRD "60"]
[BlackElo "1877"]
[BlackRD "77"]
[GameID "79967"]

1. e4 e5 2. Nf3 Nc6 3. Bb5 a6 4. Bc4 Bc5 5. O-O Nf6 6. d3 h6 7. c3 O-O 8. d4 exd4 9. cxd4 Bb6 10. d5 Na7
11. e5 Ne4 12. Qe2 Ng5 13. Nxg5 hxg5 14. Nc3 d6 15. e6 fxe6 16. dxe6 Qe7 17. Bxg5 Rxf2 18. Rxf2 Bxf2+ 19. Kf1
1-0

[Event "1800 - 2200 Standard Tournament"]
[Site "SchemingMind.com"]
[Date "2006.12.04"]
[Round "-"]
[White "ernesto fonseca"]
[Black "faulty"]
[Result "1-0"]
[WhiteCountry "NCA"]
[BlackCountry "USA"]
[WhiteElo "2007"]
[WhiteRD "88"]
[BlackElo "1843"]
[BlackRD "71"]
[GameID "79968"]

1. e4 e5 2. Nf3 Nc6 3. Bb5 a6 4. Bxc6 dxc6 5. O-O Bg4 6. h3 h5 7. d3 Bd6 8. hxg4 hxg4 9. Ng5 Nh6 10. Be3 f6
11. Ne6 Qe7 12. Bxh6 Qxe6 13. Be3 f5 14. exf5 Qxf5 15. Re1 O-O-O 16. Nd2 e4 17. Nxe4 Bh2+ 18. Kf1 Be5 19. c3 g3 20. Kg1 gxf2+
21. Nxf2 Bh2+ 22. Kf1 Bg3 23. Qf3 Qxf3 24. gxf3 Bxf2 25. Kxf2 Rxd3 26. Rh1
1-0

[Event "1800 - 2200 Standard Tournament"]
[Site "SchemingMind.com"]
[Date "2006.12.08"]
[Round "-"]
[White "egis"]
[Black "faulty"]
[Result "0-1"]
[WhiteCountry "LTU"]
[BlackCountry "USA"]
[WhiteElo "1941"]
[WhiteRD "85"]
[BlackElo "1905"]
[BlackRD "75"]
[GameID "79969"]

1. e4 e5 2. Nf3 Nc6 3. Bb5 a6 4. Bxc6 dxc6 5. O-O Bg4 6. h3 h5 7. d3 Bxf3 8. Qxf3 Qf6 9. Qe2 Bd6 10. Nc3 Ne7
11. b3 Ng6 12. Be3 O-O-O 13. Na4 Nf4 14. Qd2 Qg6 15. Bxf4 exf4 16. f3 Be5 17. c3 c5 18. Nxc5 Qc6 19. b4 b6 20. Nxa6 Qb5
21. d4 Qxa6 22. a4 Qc4 23. a5 Kb7 24. axb6 cxb6 25. Qc1 Bc7 26. Rb1 Ra8 27. b5 Ra2 28. Rb2 Rha8 29. e5 g5 30. Rxa2 Rxa2
31. Rf2 Rxf2 32. Kxf2 Qxb5 33. Kg1 Bd8 34. Kh1 Qd3 35. Qa1 g4 36. hxg4 hxg4 37. Qe1 gxf3 38. Qf2 fxg2+ 39. Kxg2 Qg3+ 40. Qxg3 fxg3
41. Kxg3 b5 42. Kf4 Ba5 43. Kf5 Bxc3 44. Ke4 Bxd4 45. Kxd4 Kc6 46. Kc3 Kd5 47. Kb4 Kxe5 48. Kxb5 f5 49. Kc4 Ke4 50. Kc3 Ke3
51. Kc2 Ke2 52. Kc3 f4 53. Kd4 f3 54. Ke4 f2 55. Kd5 f1=Q 56. Kc6 Kd3 57. Kc5 Qf4 58. Kd5 Qf5+ 59. Kc6 Kc4 60. Kd6 Qf6+
0-1

[Event "1800 - 2200 Standard Tournament"]
[Site "SchemingMind.com"]
[Date "2006.12.03"]
[Round "-"]
[White "Mariazb"]
[Black "faulty"]
[Result "1-0"]
[WhiteCountry "ARG"]
[BlackCountry "USA"]
[WhiteElo "2128"]
[WhiteRD "81"]
[BlackElo "1877"]
[BlackRD "77"]
[GameID "79970"]

1. e4 e5 2. Nf3 Nc6 3. Bb5 a6 4. Bxc6 dxc6 5. O-O Bg4 6. h3 h5 7. d3 Bd6 8. Nbd2 Qf6 9. Re1 O-O-O 10. hxg4 hxg4
11. Nh2 Kb8 12. Qxg4 Ne7 13. Ndf3 Rh7 14. d4 exd4 15. e5
1-0

[Event "1800 - 2200 Standard Tournament"]
[Site "SchemingMind.com"]
[Date "2006.12.03"]
[Round "-"]
[White "ekulrac"]
[Black "faulty"]
[Result "0-1"]
[WhiteCountry "SCO"]
[BlackCountry "USA"]
[WhiteElo "1702"]
[WhiteRD "59"]
[BlackElo "1877"]
[BlackRD "77"]
[GameID "79971"]

1. e4 e5 2. Nf3 Nc6 3. Bb5 a6 4. Bxc6 dxc6 5. O-O f6 6. d3 Ne7 7. Be3 Ng6 8. Nbd2 Be6 9. a3 Bd6 10. b4 O-O
11. h3 Qe7 12. Nc4 Qf7 13. Nxd6 cxd6 14. c4 b5 15. c5 d5 16. Kh2 dxe4 17. dxe4 Bc4 18. Rg1 Rfd8 19. Qc1 Rd3 20. Rd1 Rad8
21. Qc2 Qd7 22. Rd2 Kf8 23. h4 Nxh4 24. Nxh4 Rxd2 25. Bxd2 Qxd2 26. Qxd2 Rxd2 27. Kg3 g6 28. Kf3 Rd3+
0-1

[Event "1800 - 2200 Standard Tournament"]
[Site "SchemingMind.com"]
[Date "2006.12.03"]
[Round "-"]
[White "Marvol"]
[Black "faulty"]
[Result "0-1"]
[WhiteCountry "GBR"]
[BlackCountry "USA"]
[WhiteElo "1849"]
[WhiteRD "98"]
[BlackElo "1885"]
[BlackRD "74"]
[GameID "79972"]

1. e4 e5 2. Nf3 Nc6 3. Bb5 a6 4. Bxc6 dxc6 5. O-O f6 6. d4 exd4 7. Nxd4 Ne7 8. Be3 Ng6 9. f4 c5 10. Nf5 Qxd1
11. Rxd1 Bxf5 12. exf5 Ne7 13. g4 Nc6 14. a3 Bd6 15. Nd2 O-O-O 16. c3 Na5 17. b4 cxb4 18. cxb4 Nc6 19. Kf2 h5 20. h4 hxg4
21. Kg3 Rh5 22. Kxg4 Rdh8 23. Bf2 Ne7 24. Ne4 Nxf5 25. Ng3 Nxg3 26. Bxg3 f5+ 27. Kf3 Be7 28. Rd5 c6 29. Rc1 g6 30. Re5 Bxh4
31. Rg1 Bxg3 32. Rxg3 Rh3 33. Re7 Rxg3+ 34. Kxg3 Rh1
0-1